Normal view
MARC view
- Gibson, Sturart W
Entry Personal Name
001 - CONTROL NUMBER
- control field: 74514
003 - CONTROL NUMBER IDENTIFIER
- control field: NUST
005 - DATE AND TIME OF LATEST TRANSACTION
- control field: 20210628205232.0
008 - FIXED-LENGTH DATA ELEMENTS
- fixed length control field: 210628|| aca||aabn | a|a d
040 ## - CATALOGING SOURCE
- Original cataloging agency: NUST
- Transcribing agency: NUST
100 ## - HEADING--PERSONAL NAME
- Personal name: Gibson, Sturart W
670 ## - SOURCE DATA FOUND
- Source citation: Work cat.: (NUST): Gibson, Sturart W, Advanced welding, 1997
